| 000 | 00876nam a22002537a 4500 | ||
|---|---|---|---|
| 003 | OSt | ||
| 005 | 20250827162810.0 | ||
| 008 | 250827b |||||||| |||| 00| 0 eng d | ||
| 037 | _cDissertation | ||
| 040 |
_aFEDL _beng _cFEDL |
||
| 041 |
_aeng _heng |
||
| 082 | _a507 TAN/DI | ||
| 100 |
_aTanya Rattanpal _9819095 |
||
| 110 |
_aUniversity of Delhi. Department of Education _9818316 |
||
| 245 |
_aCircuits of understanding: _bHow atl environments aid conceptualisation and learning in science/ _cby Tanya Rattanpal. Mahima Chhabra. Supervisor |
||
| 260 |
_bUniversity of Delhi _c2025 |
||
| 300 | _aiii, 91p. | ||
| 650 |
_aSCIENCE TEACHING _9818567 |
||
| 650 |
_aLEARNING IN SCIENCE _9819096 |
||
| 650 |
_aCIRCUITS _9473600 |
||
| 700 |
_aChhabra, Mahima. Supervisor _9818761 |
||
| 942 |
_2ddc _cDIS _h507 TAN/DI _n0 |
||
| 999 |
_c1434923 _d1434923 |
||